000
00301nam a2200133Ia 4500
100
_a
Street/Arthur/ Alexander
942
_c
BK
654
_a
Metals
245
_a
Metals In the Service Of Man
260
_b
English language book society
_c
1964
082
_a
671
300
_a
313
546
_a
ENGLISH
999
_c
20425
_d
20425